NBA Players that have scored most points in a single game - Statistics

General Stats
  • This quiz has been taken 569 times
  • The average score is 17 of 20
Answer Stats
Points Answer % Correct
81 Kobe Bryant
99%
65 Kobe Bryant
99%
100 Wilt Chamberlain
97%
78 Wilt Chamberlain
97%
73 Wilt Chamberlain
97%
73 Wilt Chamberlain
97%
72 Wilt Chamberlain
97%
70 Wilt Chamberlain
97%
68 Wilt Chamberlain
97%
67 Wilt Chamberlain
97%
67 Wilt Chamberlain
97%
67 Wilt Chamberlain
97%
66 Wilt Chamberlain
97%
65 Wilt Chamberlain
97%
65 Wilt Chamberlain
97%
69 Michael Jordan
70%
71 David Robinson
45%
73 David Thompson
35%
71 Elgin Baylor
34%
68 Pete Maravich
15%
No matching quizzes found
Score Distribution
Percent of People with Each Score
Percentile by Number Answered
Your Score History
You have not taken this quiz